Dictionnaire des synonymes de la langue française

Gorde:
Xehetasun bibliografikoak
Egile nagusia: Bailly, René
Formatua: Liburua
Hizkuntza:Undetermined
Argitaratua: Canadá Librairie Larousse 1971
Gaiak:
Etiketak: Etiketa erantsi
Etiketarik gabe, Izan zaitez lehena erregistro honi etiketa jartzen!

MARC

LEADER 00000nam a2200000Ia 4500
008 170316s9999 xx 000 0 und d
020 |a 2-85036-027-9 
040 |a cru BVZT 
090 |a R-413 B-1d SIN-FRA 
100 |a Bailly, René 
245 |a Dictionnaire des synonymes de la langue française  |c René Bailly  
260 |a Canadá 
260 |b Librairie Larousse 
260 |c 1971 
300 |a xii, 626 páginas 
650 0 |a REFERENCIA  |9 27 
650 0 |a DICCIONARIO  |9 28 
650 0 |a SINÓNIMOS  |9 106 
650 0 |a FRANCÉS  |9 105 
942 |2 z  |c REF 
999 |c 30375  |d 30375